Countries of the World in Turkish - TÜRKÇE - Statistics

General Stats
  • This quiz has been taken 532 times
  • The average score is 96 of 196
Answers on the Map
Answers color-coded by a green-red scale on the quiz's map according to % correct below.
 
Answer Stats
Country % Correct
Kanada
92%
Türkiye
92%
Rusya
89%
Fransa
88%
Almanya
87%
Irak
87%
İran
87%
İtalya
87%
Çin
86%
Yunanistan
86%
İspanya
85%
Suriye
85%
Japonya
84%
Meksika
84%
Mısır
84%
Brezilya
83%
İsveç
83%
Amerika Birleşik Devletleri
82%
Azerbaycan
82%
Bulgaristan
82%
Norveç
82%
Suudi Arabistan
82%
Arjantin
81%
Avusturya
81%
Finlandiya
81%
Güney Kore
81%
Hindistan
81%
Portekiz
81%
Ukrayna
81%
İsviçre
80%
Kuzey Kore
80%
Şili
80%
Danimarka
79%
Ermenistan
79%
İsrail
79%
Gürcistan
78%
Hollanda
78%
İrlanda
78%
Kazakistan
78%
Avustralya
76%
Birleşik Krallık
76%
Belçika
75%
Fas
75%
Polonya
75%
Güney Afrika
74%
Moğolistan
74%
Pakistan
74%
Kıbrıs
73%
Endonezya
72%
İzlanda
72%
Türkmenistan
72%
Cezayir
71%
Romanya
71%
Sırbistan
69%
Arnavutluk
67%
Çekya
67%
Hırvatistan
67%
Katar
66%
Macaristan
66%
Tayland
66%
Yemen
66%
Afganistan
65%
Belarus
65%
Özbekistan
65%
Birleşik Arap Emirlikleri
64%
Bosna Hersek
64%
Libya
64%
Yeni Zelanda
64%
Kırgızistan
62%
Küba
62%
Tunus
62%
Estonya
61%
Madagaskar
61%
Kolombiya
60%
Lübnan
60%
Venezuela
60%
Karadağ
59%
Letonya
59%
Litvanya
59%
Tacikistan
59%
Kuzey Makedonya
58%
Nijer
58%
Papua Yeni Gine
58%
Peru
58%
Umman
58%
Uruguay
58%
Güney Sudan
57%
Slovakya
57%
Sudan
56%
Ürdün
56%
Panama
55%
Slovenya
55%
Tayvan
55%
Vietnam
55%
Filipinler
54%
Ekvador
53%
Malezya
53%
Moldova
53%
Somali
53%
Lüksemburg
52%
Nijerya
52%
Bangladeş
51%
Çad
51%
Nepal
51%
Paraguay
51%
Bolivya
50%
Kenya
48%
Kuveyt
48%
Etiyopya
45%
Dominik Cumhuriyeti
44%
Malta
42%
Sri Lanka
41%
Vatikan
41%
Gana
40%
Gine
40%
Kamboçya
40%
Myanmar
38%
Haiti
37%
Laos
37%
Senegal
37%
Angola
36%
Honduras
36%
Mali
36%
Andorra
35%
Bahreyn
35%
Butan
35%
El Salvador
35%
Jamaika
35%
Singapur
35%
Surinam
35%
Kosta Rika
34%
Orta Afrika Cumhuriyeti
32%
Guatemala
32%
Guyana
32%
San Marino
32%
Kongo Demokratik Cumhuriyeti
31%
Maldivler
31%
Zimbabve
31%
Fildişi Sahili
30%
Nikaragua
30%
Uganda
30%
Eritre
29%
Kamerun
29%
Kosovo
29%
Monako
29%
Tanzanya
29%
Kongo Cumhuriyeti
28%
Mozambik
28%
Bahamalar
27%
Belize
27%
Gabon
27%
Moritanya
26%
Zambiya
26%
Fiji
24%
Lihtenştayn
24%
Togo
24%
Cibuti
23%
Liberya
23%
Dominika
22%
Namibya
22%
Burkina Faso
21%
Benin
20%
Botsvana
20%
Burundi
19%
Doğu Timor
19%
Brunei
18%
Lesotho
18%
Ruanda
18%
Gambiya
15%
Malavi
15%
Sierra Leone
15%
Barbados
14%
Ekvator Ginesi
14%
Esvatini
14%
Mikronezya
14%
Gine-Bissau
13%
Seyşeller
13%
Solomon Adaları
11%
Vanuatu
11%
Kiribati
10%
Samoa
10%
Grenada
9%
Marshall Adaları
9%
Nauru
9%
Palau
9%
Saint Lucia
9%
Tonga
9%
Komorlar
8%
Tuvalu
8%
Trinidad ve Tobago
7%
Antigua ve Barbuda
6%
Mauritius
6%
Saint Kitts ve Nevis
5%
Cape Verde
4%
São Tomé ve Príncipe
4%
Saint Vincent ve Grenadinler
4%
No matching quizzes found
Score Distribution
Percent of People with Each Score
Percentile by Number Answered
Your Score History
You have not taken this quiz